Statystyki dla Państwa z niedźwiedziami polarnymi

Kliknij tutaj aby rozwiązać quiz!

Ogólne statystyki

  • Ten quiz został rozwiązany 370 razy
  • Średni wynik to 4 z 5

Statystyki odpowiedzi

Kraj niedźwiedzia polarnegoy% Poprawnych
Rosja
98%
Kanada
95%
Norwegia
86%
Stany Zjednoczone
85%
Dania
80%

Rozkład punktacji

Percentyl według liczby udzielonych odpowiedzi

Procent ludzi z każdym wynikiem

Twoja historia wyników

Nie rozwiązałeś tego quizu